000 00724cab a2200241 4500
001 WB3409-39
008 090401t1998 xxu||||| |||| 00| 0 eng d
035 _a(Sirsi) u84676
041 _aeng
245 _aCinema sees foreign invaders
260 _c1998
350 _a0
490 _aSunday Business
_v1 March 1998, 8(2)
520 _aAustralia`s largest cinema operator, Hoyts, plans to invest £250m in new cinema complexes around Europe, highlighting the continued bouyancy in the cinema market.
650 _aCINEMAS
650 _aHOYTS
650 _aLEISURE CENTRES
650 _aLEISURE MARKET
650 _aMULTIPLEX CINEMAS
690 _aLEISURE AND RECREATION
942 _n0
948 _c04/03/1998
999 _c53242
_d53242